Mawarirra, un viaje al mundo mágico de los huicholes (Record no. 10649)

MARC details
000 -CABECERA
campo de control de longitud fija 00649nam a2200217 a 4500
001 - NÚMERO DE CONTROL
campo de control BRL_1841
005 - FECHA Y HORA DE LA ÚLTIMA TRANSACCIÓN
campo de control 20190320211407.0
008 - DATOS DE LONGITUD FIJA--INFORMACIÓN GENERAL
campo de control de longitud fija 070815s1972----mx-a######---#000-0#spa-#
041 ## - CÓDIGO DE LENGUA
Código de lengua del texto/banda sonora o título independiente spa
044 ## - CÓDIGO DEL PAÍS DE LA ENTIDAD EDITORA/PRODUCTORA
Código MARC del país mx
050 #4 - SIGNATURA TOPOGRÁFICA DE LA BIBLIOTECA DEL CONGRESO
Número de clasificación F1221.H8
Número de documento/Ítem .A54 1972
100 1# - ENTRADA PRINCIPAL--NOMBRE DE PERSONA
Nombre de persona Anguiano, Raul
Fechas asociadas al nombre 1915-
9 (RLIN) 4955
245 10 - MENCIÓN DE TÍTULO
Título Mawarirra, un viaje al mundo mágico de los huicholes
Mención de responsabilidad, etc. Raúl Anguiano.
260 ## - PUBLICACIÓN, DISTRIBUCIÓN, ETC.
Lugar de publicación, distribución, etc. México
Nombre del editor, distribuidor, etc. Editorial Estaciones
Fecha de publicación, distribución, etc. 1972
300 ## - DESCRIPCIÓN FÍSICA
Extensión 22 p., 31 laminas
Otras características físicas il.
Dimensiones 23 cm.
500 ## - NOTA GENERAL
Nota general Au2093
650 14 - PUNTO DE ACCESO ADICIONAL DE MATERIA--TÉRMINO DE MATERIA
Término de materia o nombre geográfico como elemento de entrada Huicholes
Subdivisión general Politica y gobierno
9 (RLIN) 28022
651 #4 - PUNTO DE ACCESO ADICIONAL DE MATERIA--NOMBRE GEOGRÁFICO
Nombre geográfico San Andres Cahamiata
Subdivisión general Descripcion y viajes
9 (RLIN) 28023
902 ## - CATALOGADOR
Iniciales GRL
942 ## - ELEMENTOS DE PUNTO DE ACCESO ADICIONAL (KOHA)
Fuente del sistema de clasificación o colocación Library of Congress Classification
Tipo de ítem Koha Libros
Holdings
Estado de retiro Estado de pérdida Estado dañado No para préstamo Localización permanente Ubicación/localización actual Fecha de adquisición Número de inventario Total de préstamos Signatura topográfica completa Código de barras Fecha visto por última vez Precio válido a partir de Tipo de ítem Koha
El ejemplar forma parte de la colección y puede ser consultado según las políticas vigentes.       Biblioteca Centro de Estudios Ruth D. Lechuga Biblioteca Centro de Estudios Ruth D. Lechuga 07/08/2015 Au2093   F1221.H8 .A54 1972 (Au2093) GRL02024 22/03/2019 22/03/2019 Libros